000 00305 a2200109 4500
090 _c1728
_d1728
100 _aSyed Sharifuddin Pirzada
245 _aFoundations of Pakistan All Indian Muslim League Documents: 1906 -1947
250 _aVol i
260 _aRoyal Book Company
942 _aNBS
_cBK
_k954.91 FOU
999 _c344243
_d344243